00369 a2200145 4500003000500000005001700005040000900022082001200031100003300043245007800076260003100154300001200185650001400197651001200211Nust20170207171533.0 cNust a621.382 aShahzad, Khurram ( MSEE-16)  aUplink Interference Mitigation in FEMTO- Cell Networks cKhurram Shahzad  aRawalpindibMCS,NUSTc2014 ax, 49 p aPG Thesis aMSEE-16